[Осем] 8 малки прелюди и фуги за акордеон (Запис номер 349909)
[ съкратено ]
| 000 -Лидер | |
|---|---|
| Контролно поле с фиксирана дължина | 01206ncm a2200289 a 4500 |
| 003 - Код на организацията, давaща контролен номер | |
| Контролно поле | BLK |
| 005 - Дата и час на последна редакция | |
| Контролно поле | 20250216004128.0 |
| 008 - Елементи от данни с фиксирана дължина | |
| fixed length control field | 200330b bu ||||| |||| 00| 0 bu d |
| 040 ## - Източник на каталожния запис | |
| Идентификатор на билиотеката - собственик на записа | BLK |
| 041 ## - Код за език | |
| Код за езика на текст/звукозапис или на отделно заглавие | Български |
| Код за езика КДБФ | Български |
| 080 ## - УДК | |
| Текстов определител УДК | Музика за акордеон. Етюди, технически упражнения. Начални школи. |
| УДК код - определител по УДК | 786.8.087.5 |
| УДК - код + определител | 786.8.087.5 |
| 100 ## - Редна дума - Автор | |
| Автор | Бах, Йохан Себастиан |
| R(LIN) | 248172 |
| 139 ## - Редно поле | |
| Редна дума | Бах, Йохан Себастиан |
| Авторски знак | Бах - Б 30 |
| 245 ## - Сведения за заглавието | |
| Заглавие | [Осем] 8 малки прелюди и фуги за акордеон |
| Подзаглавни данни | Йохан Себастиан Бах ; прераб. от орган Георги Митев ; ред. Славчо Божинов |
| 260 ## - Област на издателските данни | |
| 9 (RLIN) | 209430 |
| Място на издаване, разпространение и проч. | София |
| Име на издателя, разпространителя и проч. | Музика |
| Година на издаване | 1982 |
| 300 ## - Физическа характеристика | |
| Страници | 36 с. |
| Размери/Мащаб | 34 см |
| 380 ## - Жанр | |
| Жанр | Изкуство |
| 500 ## - Общи забележки | |
| Забележка | Други авт. : Митев, Георги Василев, 1948-<br/>Божинов, Славчо Симеонов |
| 650 #0 - Допълнително описание по предмет – тема | |
| Основно описание – тема или топоним | Акордеон - пиеси |
| 9 (RLIN) | 362653 |
| 653 #7 - Ключова дума – ненормативна | |
| 9 (RLIN) | 194437 |
| Ключова дума | прелюдии |
| 653 #7 - Ключова дума – ненормативна | |
| 9 (RLIN) | 199628 |
| Ключова дума | фуги |
| 852 ## - Местоположение | |
| Форматна сигнатура | Цб ІІ 8764 |
| 999 ## - СИСТЕМНИ КОНТРОЛНИ НОМЕРА | |
| Koha biblionumber | 349909 |
| Koha biblioitemnumber | 349909 |
| 942 ## - АРТИКУЛИ | |
| Вид на библиотечния материал | Нотни издания |
| Скрит в OPAC | Не |
| Периодичен библиозапис | Да |
| Koha issues (borrowed), all copies | 2 |
| 944 ## - СЪЗДАВАНЕ И РЕДАКЦИЯ на ЗАПИСА | |
| Създаване/Редакция | Създаване |
| Служител, извършил регистрацията/редакцията | |
| Статус, дата на статуса | CRON CRON |
| 999 ## - СИСТЕМНИ КОНТРОЛНИ НОМЕРА | |
| Koha biblioitemnumber | 349909 |
| 999 ## - СИСТЕМНИ КОНТРОЛНИ НОМЕРА | |
| Koha biblioitemnumber | 349909 |
| Код за отписване | Код за изгубен артикул | Източник на класификационната схема | Код за повреда | Коз за рестрикции | Код за отдаване | Артикулен № | Име на библиотеката - собственик | Име на библиотеката, в която се намира в момента | Статус (Текущо местоположение) | Дата на вписване в системата | Местоположение - отдел | Цена в лева | Инвентарен номер | Систематично азбучна сигнатура | Баркод | Цена в евро | Служебен тип на артикула |
|---|---|---|---|---|---|---|---|---|---|---|---|---|---|---|---|---|---|
| Не е изгубен | Universal Decimal Classification | Не е повреден | без рестрикции | заемане за дома | 757428 | Регионална библиотека "Любен Каравелов" Русе | Регионална библиотека "Любен Каравелов" Русе | Отдел Изкуство - подръчен фонд | 2020-04-01 | Отдел Изкуство - подръчен фонд | 2.17 | 365984 | 786/789/Б 30 И | 120000365984 | 1.11 | Нотни издания | |
| Не е изгубен | Universal Decimal Classification | Не е повреден | без рестрикции | заемане за дома | 757429 | Регионална библиотека "Любен Каравелов" Русе | Регионална библиотека "Любен Каравелов" Русе | Отдел Изкуство - подръчен фонд | 2020-04-01 | Отдел Изкуство - подръчен фонд | 2.17 | 365985 | 786/789/Б 30 И | 120000365985 | 1.11 | Нотни издания | |
| Не е изгубен | Universal Decimal Classification | Не е повреден | само за читалня | ползва се в читалня | 774587 | Регионална библиотека "Любен Каравелов" Русе | Регионална библиотека "Любен Каравелов" Русе | Хранилище | 2020-06-05 | Хранилище | 2.17 | 367086 | Цб М ІІ 8764 | 900000017493 | 1.11 | Нотни издания |